[Event "Nassau-ch"]
[Site "Nassau"]
[Date "2009.11.16"]
[Round "5"]
[White "Romero, Stephen"]
[Black "Slyper, Andrew J"]
[Result "0-1"]
[WhiteElo "1914"]
[BlackElo "1696"]
[PlyCount "88"]
[EventDate "2009.10.19"]
[EventType "swiss"]
[EventRounds "10"]
[EventCountry "USA"]
[SourceTitle "EXT 2011"]
[Source "ChessBase"]
[SourceDate "2010.11.26"]
[SourceVersion "1"]
[SourceVersionDate "2010.11.26"]
[SourceQuality "1"]

1. c4 g6 2. Nc3 Bg7 3. g3 c5 4. Bg2 Nc6 5. e4 d6 6. Nge2 e6 7. 0-0 Nge7 8. d3 Nd4 9. Be3 Nec6 10. Qd2 Nxe2+ 11. Nxe2 Nd4 12. Nxd4 cxd4 13. Bh6 0-0 14. Bxg7 Kxg7 15. b4 e5 16. f4 f5 17. fxe5 fxe4 18. Bxe4 Rxf1+ 19. Rxf1 dxe5 20. Qf2 Qe7 21. Qf3 Rb8 22. Bd5 Be6 23. Qe4 Bxd5 24. Qxd5 Rd8 25. Qe4 b6 26. a3 Re8 27. Re1 a5 28. Qd5 axb4 29. axb4 Qc7 30. c5 bxc5 31. Qxc5 Qxc5 32. bxc5 Kf6 33. Kg2 Rc8 34. Rc1 Ke6 35. Kf3 Kd5 36. g4 Rxc5 37. Rxc5+ Kxc5 38. Ke4 Kd6 39. h3 Ke6 40. h4 Kd6 41. h5 Ke6 42. h6 Kd6 43. Kf3 Kd5 44. g5 e4+ 0-1

[Event "Nassau-ch"]
[Site "Nassau"]
[Date "2009.11.09"]
[Round "4"]
[White "Shanbhag, Arun N"]
[Black "Romero, Stephen"]
[Result "1/2-1/2"]
[WhiteElo "1806"]
[BlackElo "1914"]
[PlyCount "58"]
[EventDate "2009.10.19"]
[EventType "swiss"]
[EventRounds "10"]
[EventCountry "USA"]
[SourceTitle "EXT 2011"]
[Source "ChessBase"]
[SourceDate "2010.11.26"]
[SourceVersion "1"]
[SourceVersionDate "2010.11.26"]
[SourceQuality "1"]

1. d4 Nf6 2. c4 e6 3. Nf3 Bb4+ 4. Nbd2 b6 5. a3 Bxd2+ 6. Bxd2 Bb7 7. e3 0-0 8. Bd3 d6 9. 0-0 Nbd7 10. Bc3 Ne4 11. Bxe4 Bxe4 12. Nd2 Bb7 13. e4 e5 14. dxe5 dxe5 15. Qc2 Re8 16. Rad1 Qe7 17. b4 Nf8 18. Nf3 Ng6 19. Rd2 Rad8 20. Rfd1 Rxd2 21. Rxd2 Rd8 22. Rxd8+ Qxd8 23. Nxe5 Nxe5 24. Bxe5 Bxe4 25. Bxc7 Qd4 26. Qc1 h6 27. Bf4 Bc6 28. Be3 Qg4 29. Qf1 Bxg2 1/2-1/2

[Event "Nassau CC-ch"]
[Site "Mineola"]
[Date "2008.11.10"]
[Round "4"]
[White "Romero, Stephen"]
[Black "Tamarkin, Larry S"]
[Result "1-0"]
[WhiteElo "1892"]
[BlackElo "2138"]
[PlyCount "117"]
[EventDate "2008.10.20"]
[EventType "swiss"]
[EventRounds "10"]
[EventCountry "USA"]
[SourceTitle "EXT 2010"]
[Source "ChessBase"]
[SourceDate "2010.11.25"]
[SourceVersion "1"]
[SourceVersionDate "2010.11.25"]
[SourceQuality "1"]

1. Nf3 Nf6 2. g3 b5 3. Bg2 Bb7 4. d4 d6 5. 0-0 Nbd7 6. Re1 g6 7. Nbd2 c5 8. c3 Bg7 9. e4 e5 10. a4 a6 11. Qb3 0-0 12. axb5 axb5 13. Rxa8 Qxa8 14. d5 Rb8 15. Qc2 c4 16. b4 cxb3 17. Nxb3 Qa4 18. Bb2 Nc5 19. Nfd2 Qa7 20. Ra1 Qb6 21. h3 Na4 22. Ba3 Rc8 23. Bb4 Nd7 24. Ba5 Qa6 25. Bf1 Ndb6 26. Bb4 Bf8 27. Na5 Ba8 28. Rxa4 Nxa4 29. Qxa4 bxa4 30. Bxa6 Rc7 31. Bb5 a3 32. Bc4 Bh6 33. Ndb3 Ra7 34. Bxa3 f5 35. Bxd6 fxe4 36. Bc5 Rd7 37. d6+ Kg7 38. Bb5 e3 39. fxe3 Rd8 40. Kf2 Rf8+ 41. Ke2 Bf3+ 42. Kd2 Bg5 43. d7 Rb8 44. c4 Bf6 45. Bd6 Ra8 46. c5 Bg2 47. c6 Bxh3 48. c7 h5 49. Bc6 Rh8 50. Nc4 Rd8 51. cxd8Q Bxd8 52. Nxe5 g5 53. Nc5 Ba5+ 54. Ke2 Kf6 55. Nb7 Bb6 56. Nc4 Bxd7 57. Bxd7 Ba7 58. e4 h4 59. e5+ 1-0

[Event "Nassau CC-ch"]
[Site "Mineola"]
[Date "2008.10.20"]
[Round "1"]
[White "Romero, Stephen"]
[Black "Luchan, Jason"]
[Result "0-1"]
[WhiteElo "1892"]
[BlackElo "2094"]
[PlyCount "74"]
[EventDate "2008.10.20"]
[EventType "swiss"]
[EventRounds "10"]
[EventCountry "USA"]
[SourceTitle "EXT 2010"]
[Source "ChessBase"]
[SourceDate "2010.11.25"]
[SourceVersion "1"]
[SourceVersionDate "2010.11.25"]
[SourceQuality "1"]

1. c4 c5 2. Nc3 g6 3. g3 Bg7 4. Bg2 Nc6 5. e4 e6 6. Nge2 Nge7 7. 0-0 0-0 8. d3 d6 9. Rb1 Rb8 10. a3 Nd4 11. Be3 Nec6 12. b4 Nxe2+ 13. Nxe2 Nd4 14. Qd2 Bd7 15. Nxd4 cxd4 16. Bh6 e5 17. Bxg7 Kxg7 18. Rbc1 Rc8 19. f4 f6 20. Qe2 Qe7 21. Rce1 b6 22. f5 g5 23. Bf3 Rc7 24. Qb2 b5 25. Rc1 Rfc8 26. Be2 Be8 27. Rc2 bxc4 28. dxc4 Ba4 29. Rcc1 Bc6 30. Bd3 Be8 31. Qd2 Bf7 32. Qe2 Qe8 33. Rc2 Qa4 34. Qd2 Qxa3 35. Ra2 Qc3 36. Qxc3 dxc3 37. Rfa1 Bxc4 0-1

[Event "Nassau CC-ch"]
[Site "Mineola"]
[Date "2007.12.17"]
[Round "10"]
[White "Masino, Matthew"]
[Black "Romero, Stephen"]
[Result "1/2-1/2"]
[WhiteElo "1666"]
[BlackElo "1962"]
[PlyCount "26"]
[EventDate "2007.10.15"]
[EventType "swiss"]
[EventRounds "10"]
[EventCountry "USA"]
[SourceTitle "EXT 2009"]
[Source "ChessBase"]
[SourceDate "2008.11.26"]
[SourceVersion "1"]
[SourceVersionDate "2008.11.26"]
[SourceQuality "1"]

1. d4 Nf6 2. Nf3 e6 3. Bf4 b6 4. e3 Bb7 5. Bd3 c5 6. c3 Be7 7. 0-0 0-0 8. Nbd2 d5 9. b3 Nc6 10. Ne5 Nxe5 11. dxe5 Ne4 12. Nxe4 dxe4 13. Bc2 Qxd1 1/2-1/2

[Event "Nassau CC-ch"]
[Site "Mineola"]
[Date "2007.12.03"]
[Round "8"]
[White "Billinghurst, Ricardo Perez"]
[Black "Romero, Stephen"]
[Result "1-0"]
[WhiteElo "2142"]
[BlackElo "1962"]
[PlyCount "65"]
[EventDate "2007.10.15"]
[EventType "swiss"]
[EventRounds "10"]
[EventCountry "USA"]
[SourceTitle "EXT 2009"]
[Source "ChessBase"]
[SourceDate "2008.11.26"]
[SourceVersion "1"]
[SourceVersionDate "2008.11.26"]
[SourceQuality "1"]

1. e4 e6 2. d4 d5 3. Nc3 Bb4 4. e5 c5 5. a3 Bxc3+ 6. bxc3 Ne7 7. Nf3 Nbc6 8. a4 Qa5 9. Bd2 Bd7 10. Be2 c4 11. Ng5 h6 12. Nh3 0-0-0 13. Nf4 f6 14. exf6 gxf6 15. Bg4 e5 16. Bxd7+ Rxd7 17. Nh5 Ng8 18. 0-0 Qd8 19. Qg4 Qe7 20. Rfb1 Kb8 21. Bc1 Nd8 22. Ba3 Qe6 23. Qf3 Nf7 24. h4 Nd6 25. dxe5 fxe5 26. Qf8+ Nc8 27. Rb5 Qg6 28. Rc5 Rc7 29. Rxc7 Kxc7 30. Ng7 Qc6 31. Ne8+ Kb8 32. Bd6+ Ka8 33. Bxe5 1-0

[Event "Nassau CC-ch"]
[Site "Mineola"]
[Date "2007.11.19"]
[Round "6"]
[White "Romero, Stephen"]
[Black "Chipkin, Leonard B"]
[Result "0-1"]
[WhiteElo "1962"]
[BlackElo "2053"]
[PlyCount "50"]
[EventDate "2007.10.15"]
[EventType "swiss"]
[EventRounds "10"]
[EventCountry "USA"]
[SourceTitle "EXT 2009"]
[Source "ChessBase"]
[SourceDate "2008.11.26"]
[SourceVersion "1"]
[SourceVersionDate "2008.11.26"]
[SourceQuality "1"]

1. c4 Nf6 2. Nc3 g6 3. g3 Bg7 4. Bg2 d6 5. Nf3 0-0 6. 0-0 e5 7. d3 c6 8. Rb1 a5 9. a3 Qe7 10. Ne1 Nh5 11. Bd2 f5 12. b4 Be6 13. b5 f4 14. bxc6 bxc6 15. Qb3 Ra7 16. Qb6 Rc8 17. Nc2 fxg3 18. hxg3 Nf6 19. Qxb8 Rxb8 20. Rxb8+ Bf8 21. Bh6 Nd7 22. Bxf8 Nxf8 23. Bxc6 Qc7 24. Ra8 Rxa8 25. Bxa8 Qb8 0-1